000 00548nam1a22002051i 4500
001 rc\825740
005 20240723222250.0
035 _a(NLR Aleph) 006237931
090 _a6640081
_c6640081
100 _a20041129d1983 u |0rusy50 ca
101 0 _arus
102 _aRU
105 _ay |||||||||
200 1 _aВерны подвигам отцов
_e7 кн. в обертке
210 _aХабаровск
_cКн. изд-во
_d1983
215 _d14
801 0 _aRU
_bNLR
_gpsbo
801 1 _aRU
_bELAR
_2rusmarc
852 _aNLR
_j84-1/79
942 _cBOOK